Lo que los niños quieren saber : (Registro nro. 10206)

Detalles MARC
000 -LIDER
fixed length control field 00788nam a22002651 4500
001 - NÚMERO DE CONTROL
Identificador de número de control 1091849
003 - IDENTIFICACDOR DE NÚMERO DE CONTROL
control field DO-SdBNP
005 - DATE AND TIME OF LATEST TRANSACTION
control field 20180222114747.0
008 - ELEMENTOS DE LONGITUD FIJA
fixed length control field 920725s1968 sp spa
016 7# - NO. DE CONTROL DE LA AGENCIA BIB. NACIONAL
Record control number
017 ## - NÚMERO DE REGISTRO DE DERECHOS DE AUTOR
Assigning agency
035 ## - NÚMERO LOCAL
System control number
040 ## - FUENTE DE CATALOGACIÓN
Agencia que crea de manera original el registro BPMSU
Idioma de catalogación spa
Agencia que realiza la transcripción BPMSU
080 #0 - NÚMERO DE CLASIFICACIÓN DECIMAL UNIVERSAL
Universal Decimal Classification number
100 1# - ASIENTO PRINCIPAL -- NOMBRE PERSONAL
Nombre personal Leippe, Ulla
245 10 - MENCIÓN DE TITULO
Título Lo que los niños quieren saber :
Subtítulo un libro moderno para la juventud /
Medio (Designación general de material)
Mención de responsabilidad Ulla Leippe ; dibujos, Hannes Limmer
260 ## - PUBLICACIÓN, DISTRIBUCIÓN, ETC. (PIE DE IMPRENTA)
Lugar de publicación, distribución, etc León, España :
Nombre del editor, distribuidor, etc. Everest,
Fecha de publicación, distribución, etc 1968
300 ## - DESCRIPCIÓN FÍSICA
Extensión 270 p. :
Otros detalles físicos grab. ;
Dimensiones 27 cm
500 ## - NOTA GENERAL
Nota general Incluye índice de materia
650 #7 - ENCABEZAMIENTO DE MATERIA--TEMÁTICO
Término temático o nombre geográfico como elemento de entrada Enciclopedias infantiles y juveniles
Fuente del encabezamiento o término embne
700 1# - ASIENTO SECUNDARIO -- NOMBRE PERSONAL
Nombre personal Limmer, Hannes
Mención de responsabilidad il.
942 ## - ADDED ENTRY ELEMENTS (KOHA)
Source of classification or shelving scheme Dewey Decimal Classification
Koha item type Libros
945 ## - INFORMACIÓN DE PROCESAMIENTO LOCAL
Información de procesamiento local Inventariado, 2018/MFF
956 ## - LOCAL ELECTRONIC LOCATION AND ACCESS (OCLC)
Nombre de host VMATEO
Número de acceso 10
Información de compresión 20160524
Trayectoria BPMSU
Nombre Electrónico 0069
Existencias
Withdrawn status Lost status Source of classification or shelving scheme Damaged status Not for loan Home library Current library Date acquired Source of acquisition Total Checkouts Barcode Date last seen Price effective from Koha item type
    Dewey Decimal Classification     Biblioteca Pública Metropolitana Salomé Ureña Biblioteca Pública Metropolitana Salomé Ureña 05/24/2016 FUNDI   BPMSU16050432 05/24/2016 05/24/2016 Libros